书目信息 |
| 题名: |
信号、系统与控制实验教程
|
|
| 作者: | 王凤如 , 王小扬 主编 | |
| 分册: | ||
| 出版信息: | 北京 高等教育出版社 2004.8 |
|
| 页数: | 246页 | |
| 开本: | 26cm | |
| 丛书名: | ||
| 单 册: | ||
| 中图分类: | TN911.6-33 | |
| 科图分类: | ||
| 主题词: | 信号系统--Xin Hao Xi Tong--实验--高等学校--教材 | |
| 电子资源: | ||
| ISBN: | 7-04-014540-5 | |
| 000 | 00913nam0 2200289 450 | |
| 001 | CAL 012004087991 | |
| 005 | 20050526102613.7 | |
| 010 | @a7-04-014540-5@d18.70CNY | |
| 099 | @aCAL 012004087991 | |
| 100 | @a20040901d2004 ekmy0chiy0121 ea | |
| 101 | 0 | @achi |
| 102 | @aCN@b110000 | |
| 105 | @aak a 000yy | |
| 200 | 1 | @a信号、系统与控制实验教程@AXin Hao 、xi Tong Yu Kong Zhi Shi Yan Jiao Cheng@f王凤如, 王小扬主编 |
| 210 | @a北京@c高等教育出版社@d2004.8 | |
| 215 | @a246页@c图@d26cm | |
| 320 | @a有书目 (第246页) | |
| 330 | @a本书内容包括: 上篇信号与系统实验, 下篇自动控制原理。 | |
| 333 | @a高等学校教材 | |
| 606 | 0 | @a信号系统@AXin Hao Xi Tong@x实验@x高等学校@j教材 |
| 690 | @aTN911.6-33@v4 | |
| 701 | 0 | @a王凤如@AWang Feng Ru@4主编 |
| 701 | 0 | @a王小扬@AWang Xiao Yang@4主编 |
| 801 | 0 | @aCN@bNMU@c20040901 |
| 905 | @a10447@dTN911.6-33@eW177 | |
| 906 | @dCNY18.70@n0@r1 | |
| 998 | @aNMU | |
| 信号、系统与控制实验教程/王凤如, 王小扬主编.-北京:高等教育出版社,2004.8 |
| 246页:图;26cm |
| 使用对象:高等学校教材 |
| ISBN 7-04-014540-5:18.70CNY |
| 本书内容包括: 上篇信号与系统实验, 下篇自动控制原理。 |
| ● |
| 相关链接 |
|
|
|
正题名:信号、系统与控制实验教程
索取号:TN911.6-33/W177
 
预约/预借
| 序号 | 登录号 | 条形码 | 馆藏地/架位号 | 状态 | 备注 |
| 1 | 537155 | 205371550 | 自科库301/404自科库 16排6列1层/ [索取号:TN911.6-33/W177] | 在馆 | |
| 2 | 537156 | 205371569 | 自科库301/301自科库 35排1列3层/ [索取号:TN911.6-33/W177] | 在馆 | |
| 3 | 537157 | 205371578 | 自科库301/301自科库 35排1列3层/ [索取号:TN911.6-33/W177] | 在馆 |